Úroky z úveru – riešené a otvorené otázky Kumulácia úrokov z úveru a úrokov z omeškania

Pokračovanie z predchádzajúceho čísla. V tejto časti sa autorka zameriava na vzťah úrokov z úveru k úrokom z omeškania a možnosti ich konkurencie a prípadnej kumulácie. Ako východisko sa zvolilo vymedzenie podstaty a účelu úrokov z omeškania a ich porovnanie s podstatou a účelom úrokov z úveru. Záro...

Ausführliche Beschreibung

Gespeichert in:
Bibliographische Detailangaben
1. Verfasser: Ovečková, Oľga
Format: Buchkapitel
Sprache:Slowakisch
Schlagworte:
Tags: Tag hinzufügen
Keine Tags, Fügen Sie das erste Tag hinzu!

MARC

LEADER 00000naa a2200000 4500
001 0281656
005 20220201085914.4
041 0 |a slo 
044 |a SK 
245 1 0 |a Úroky z úveru – riešené a otvorené otázky  |b Kumulácia úrokov z úveru a úrokov z omeškania  |c Oľga Ovečková 
520 |a Pokračovanie z predchádzajúceho čísla. V tejto časti sa autorka zameriava na vzťah úrokov z úveru k úrokom z omeškania a možnosti ich konkurencie a prípadnej kumulácie. Ako východisko sa zvolilo vymedzenie podstaty a účelu úrokov z omeškania a ich porovnanie s podstatou a účelom úrokov z úveru. Zároveň sa poukázalo na nejednotnosť riešenia kumulácie oboch druhov úrokov. 
610 2 0 |a úrok 
610 2 0 |a úver 
610 2 0 |a úrok z omeškania 
610 2 0 |a právo občianske 
100 1 |a Ovečková, Oľga